00223nam a2200085Ia 450000100070000000500170000700800410002424500430006526000290010881967920250826171817.0250824s9999 xx 000 0 und d 0aUYKUCU ŞİİRLERcHAYDAR ERGÜLEN bKIRMIZI KEDİ YAYINLARI